000 01381nam a2200337Ia 4500
001 ebr10379752
003 CaPaEBR
006 m u
007 cr cn|||||||||
008 060531s2006 maua sb 000 0 eng d
010 _z 2006276956
020 _z0874259061 (pbk.)
020 _z9780874259063
040 _aCaPaEBR
_cCaPaEBR
035 _a(OCoLC)253910196
050 1 4 _aHF5549.5.T7
_bM468 2006eb
100 1 _aMetcalf, David
_q(David S.)
245 1 0 _amLearning
_h[electronic resource] :
_bmobile learning and performance in the palm of your hand /
_cDavid S. Metcalf II ; with John M. De Marco.
260 _aMassachusetts :
_bHRD Press,
_c2006.
300 _aviii, 157 p. :
_bill.
504 _aIncludes bibliographical references (p. 155-158).
533 _aElectronic reproduction.
_bPalo Alto, Calif. :
_cebrary,
_d2010.
_nAvailable via World Wide Web.
_nAccess may be limited to ebrary affiliated libraries.
650 0 _aEmployees
_xTraining of
_xComputer-assisted instruction.
650 0 _aMobile communication systems in education.
650 0 _aMobile communication systems.
650 0 _aMobile commerce.
655 7 _aElectronic books.
_2local
700 1 _aDe Marco, John M.
710 2 _aebrary, Inc.
856 4 0 _uhttp://site.ebrary.com/lib/rucke/Doc?id=10379752
_zAn electronic book accessible through the World Wide Web; click to view
999 _c205791
_d205791